Online Catalogue and eLibrary

Postcolonial plays : (Record no. 3335)

MARC details
000 -LEADER
fixed length control field 00559nam a2200157Ia 4500
005 - DATE AND TIME OF LATEST TRANSACTION
control field 20241023042429.0
008 - FIXED-LENGTH DATA ELEMENTS--GENERAL INFORMATION
fixed length control field 240331s9999 xx 000 0 und d
020 ## - INTERNATIONAL STANDARD BOOK NUMBER
ISBN 0415164494
082 ## - DDC Classification
Item Number - Author Mark POS
Class No. 822
245 #0 - TITLE STATEMENT
Title Postcolonial plays :
Remainder of title an anthology
260 ## - PUBLICATION, DISTRIBUTION, ETC.
Place of publication, distribution, etc. London And New York
Name of publisher, distributor, etc. Routledge
Date of publication, distribution, etc. 2001
300 ## - PHYSICAL DESCRIPTION
Extent (e.g. Volumes, Pages etc.) xiv, 469 p .,
500 ## - GENERAL NOTE
General note This Collection of Contemporary postcolonial plays Demonstrates the extraordinary vitality of work that is currently influencing the shape of contemporary world theatre.
700 ## - ADDED ENTRY--PERSONAL NAME
Personal name Gilbert, H.
Relator term (Role) Editor
942 ## - Koha item type (Biblio)
Koha item type Books in Stacks (Lending)
Holdings
Lost status Damaged status Collection code Home library Current library Shelving location Date acquired Full call number Accession Number Item type
    Lending WERC Library WERC Library Social Science Cupboard 03/31/2024 823 POS 4558 Books in Stacks (Lending)

© WERC Library